000 00510nam a22001697a 4500
003 BD-ChCU
005 20260113093045.0
008 260113b bg ||||| |||| 00| 0 ben d
040 _cBD-ChCU
082 _a331.0954 SUW
100 _aSukomal Sen .
_919070
245 _aWorking class of India :
_bhistory of emergence and movement 1830 - 1970 .
_cSukomal Sen .
260 _aCalcutta :
_bBagchi ,
_cC 1977
300 _a466p.
650 0 _aLabour and labouring Classes - India .
_919080
942 _2ddc
_cBK
_n0
999 _c110958
_d110958